[Event "5th Asia-ch"]
[Site "Hyderabad IND"]
[Date "2005.10.08"]
[Round "3"]
[White "Das, Arghyadip"]
[Black "Sharma, Dinesh"]
[Result "0-1"]
[WhiteElo "2411"]
[BlackElo "2359"]
[EventDate "2005.10.05"]
[PlyCount "96"]

1.e4 c5 2.Nf3 e6 3.b3 Nf6 4.e5 Nd5 5.Bb2 Nc6 6.c4 Nc7 7.Be2 Be7 8.Nc3 f5 
9.a3 O-O 10.Nb5 Ne8 11.d4 a6 12.dxc5 axb5 13.cxb5 Bxc5 14.bxc6 bxc6 15.b4 
Be7 16.O-O Nc7 17.Nd4 Ba6 18.Nb3 Bxe2 19.Qxe2 Nd5 20.Bd4 f4 21.f3 Qb8 22.
Rfc1 Qb7 23.Kh1 Qa6 24.Qxa6 Rxa6 25.Bc5 Bxc5 26.Nxc5 Ra7 27.Rc4 Rb8 28.Nd3
Rba8 29.Nxf4 Rxa3 30.Rg1 Rb3 31.Nxd5 exd5 32.Rc5 Kf7 33.f4 Rxb4 34.f5 Ra6 
35.Re1 Re4 36.Rcc1 Raa4 37.e6+ dxe6 38.fxe6+ Ke7 39.Rf1 Rxe6 40.h3 Rae4 
41.Ra1 Kd6 42.Kh2 Re2 43.h4 Rg6 44.Rf7 Rexg2+ 45.Kh1 R2g4 46.Rf2 Rxh4+ 47.
Rh2 Rxh2+ 48.Kxh2 d4 0-1

[Event "5th Asia-ch"]
[Site "Hyderabad IND"]
[Date "2005.10.08"]
[Round "3"]
[White "Ramakrishna, J."]
[Black "Roy Chowdhury, Saptarshi"]
[Result "0-1"]
[WhiteElo "2294"]
[BlackElo "2397"]
[EventDate "2005.10.05"]
[PlyCount "96"]

1.d4 d5 2.c4 Bf5 3.Nc3 e6 4.Nf3 Nc6 5.Bf4 Nf6 6.e3 a6 7.Rc1 Be7 8.Bd3 dxc4
9.Bxc4 Nd5 10.Nxd5 exd5 11.Bd3 Bb4+ 12.Ke2 Bxd3+ 13.Qxd3 Bd6 14.Qb3 Bxf4 
15.Qxb7 Na5 16.Qb4 Rb8 17.Qxa5 Rxb2+ 18.Nd2 Bd6 19.Rb1 Rxb1 20.Rxb1 Qa8 
21.Nb3 O-O 22.Nc5 Qc8 23.Qxa6 Qf5 24.Qd3 Qh5+ 25.Kf1 Qxh2 26.g3 g6 27.Nb3 
Ra8 28.Nc1 Ra3 29.Qb5 Qh1+ 30.Ke2 Kg7 31.Qb2 Ra6 32.Nd3 Qh5+ 33.Kd2 Bxg3 
34.fxg3 Rxa2 35.Qxa2 Qh2+ 36.Ke1 Qxa2 37.Rb2 Qa1+ 38.Kf2 Qh1 39.Nf4 g5 40.
Ng2 Qc1 41.Re2 h5 42.Re1 Qc3 43.Re2 Kg6 44.Ne1 Kf5 45.Nf3 f6 46.Kg2 Qd3 
47.Kf2 Kg4 48.Re1 Qf5 0-1

[Event "5th Asia-ch"]
[Site "Hyderabad IND"]
[Date "2005.10.08"]
[Round "3"]
[White "Palit, Somak"]
[Black "Sengupta, Deep"]
[Result "0-1"]
[WhiteElo "2312"]
[BlackElo "2400"]
[EventDate "2005.10.05"]
[PlyCount "88"]

1.e4 e6 2.d4 d5 3.exd5 exd5 4.Bd3 Nc6 5.c3 Bd6 6.Qf3 Nge7 7.Ne2 Be6 8.Bf4 
Qd7 9.Bxd6 Qxd6 10.Qg3 O-O-O 11.Qxd6 Rxd6 12.Ng3 Ng6 13.Bxg6 hxg6 14.Nd2 
g5 15.O-O-O Ne7 16.a3 Ng6 17.Nf3 f6 18.Ne2 Bf5 19.Ng3 Bd7 20.Rhg1 Nf4 21.
Kd2 Ra6 22.Ra1 Re8 23.Rge1 Nxg2 24.Rxe8+ Bxe8 25.Nf5 Bd7 26.Ne7+ Kd8 27.
Nxd5 Bc6 28.c4 Bxd5 29.cxd5 Nf4 30.h4 g4 31.Ne1 f5 32.Nd3 Nxd3 33.Kxd3 Rh6
34.Rh1 Rh5 35.Re1 Rxh4 36.Re6 Rh2 37.Ke3 g5 38.Rg6 f4+ 39.Ke4 Rxf2 40.Rxg5
g3 41.Ke5 g2 42.d6 cxd6+ 43.Kxd6 Ke8 44.d5 f3 0-1

[Event "5th Asia-ch"]
[Site "Hyderabad IND"]
[Date "2005.10.08"]
[Round "3"]
[White "Roktim, Bandyopadhyay"]
[Black "Sai Srinivas, Dasari"]
[Result "1-0"]
[WhiteElo "2380"]
[BlackElo "2304"]
[EventDate "2005.10.05"]
[PlyCount "99"]

1.d4 Nf6 2.Nf3 g6 3.c4 Bg7 4.g3 O-O 5.Bg2 d5 6.cxd5 Nxd5 7.O-O Nb6 8.Nc3 
Nc6 9.e3 e5 10.d5 Ne7 11.e4 Bd7 12.b3 h6 13.Re1 a6 14.a4 Nbc8 15.Ba3 Nd6 
16.Rc1 Re8 17.Nd2 f5 18.Nc4 Nec8 19.exf5 gxf5 20.Nb2 Nf7 21.f3 Ncd6 22.Bc5
Kh8 23.Bf2 Bf6 24.Nd3 Bc8 25.f4 e4 26.Nc5 c6 27.dxc6 bxc6 28.Be3 Bg7 29.
Ne2 Qe7 30.Nd4 Nd8 31.Qh5 Qf7 32.Qxf7 N6xf7 33.Red1 h5 34.Ne2 Ne6 35.Nxe6 
Bxe6 36.Nd4 Bxd4 37.Bxd4+ Kh7 38.Rxc6 Bxb3 39.Rb1 Reb8 40.Bh3 Nh6 41.Rc7+ 
Kg8 42.Ba7 Rb4 43.Bf1 Nf7 44.Bc4 Rbb8 45.Rxb3 Rxb3 46.Bc5 Rb1+ 47.Kg2 Rd8 
48.Bxf7+ Kh8 49.Kh3 Rb2 50.Be7 1-0

[Event "5th Asia-ch"]
[Site "Hyderabad IND"]
[Date "2005.10.08"]
[Round "3"]
[White "Xie, George Wendi"]
[Black "Singh, Rishipal"]
[Result "1-0"]
[WhiteElo "2340"]
[BlackElo "2299"]
[EventDate "2005.10.05"]
[PlyCount "79"]

1.e4 c5 2.Nf3 a6 3.c4 d6 4.d4 Bg4 5.dxc5 Bxf3 6.gxf3 dxc5 7.Qxd8+ Kxd8 8.
Be3 e6 9.Nc3 Nf6 10.O-O-O+ Kc7 11.e5 Nfd7 12.f4 Nc6 13.Ne4 f6 14.Bh3 Re8 
15.exf6 gxf6 16.Rxd7+ Kxd7 17.Nxf6+ Ke7 18.Nxe8 Kxe8 19.Bxe6 Nd4 20.Bc8 b6
21.Bxa6 Bg7 22.Bb7 Kd7 23.Be4 Ke6 24.Re1 h6 25.Bd2 Rf8 26.h4 Kd6 27.h5 Bh8
28.Kb1 Re8 29.f5 Bf6 30.Bxh6 Rh8 31.Bf4+ Be5 32.Bg5 Rxh5 33.f4 Bh8 34.Be7+
Kd7 35.f6 Rh2 36.Bd5 Ne2 37.f5 Nf4 38.Be6+ Kc6 39.Rd1 Re2 40.Rh1 1-0

[Event "5th Asia-ch"]
[Site "Hyderabad IND"]
[Date "2005.10.08"]
[Round "3"]
[White "Ramu, K."]
[Black "Atanu Lahiri"]
[Result "1/2-1/2"]
[WhiteElo "2259"]
[BlackElo "2334"]
[EventDate "2005.10.05"]
[PlyCount "131"]

1.e4 e6 2.d3 d5 3.Nd2 Nf6 4.Ngf3 Nc6 5.c3 Bd6 6.g3 O-O 7.Bg2 e5 8.O-O Be6 
9.h3 h6 10.Re1 Qd7 11.Kh2 a5 12.Nf1 Rfe8 13.Bd2 Bc5 14.Qe2 a4 15.Red1 Qd6 
16.d4 dxe4 17.dxc5 exf3 18.Qe3 Qd5 19.Bxf3 e4 20.Be2 Rad8 21.Be1 Qe5 22.
Nd2 Qf5 23.g4 Qe5+ 24.f4 exf3+ 25.Qxe5 Nxe5 26.Nxf3 Rxd1 27.Bxd1 Bd5 28.
Nxe5 Rxe5 29.Bg3 Re7 30.Kg1 Re3 31.Kf2 Rd3 32.Bxc7 Rxh3 33.c4 Bc6 34.b4 
Rh1 35.Be5 Rxd1 36.Rxd1 Nxg4+ 37.Kg3 Nxe5 38.Rd8+ Kh7 39.b5 Bh1 40.Rd1 Be4
41.Re1 f5 42.c6 bxc6 43.b6 c5 44.b7 Nc6 45.Rd1 Nb8 46.Rd8 Na6 47.Ra8 Bxb7 
48.Ra7 Bc8 49.Ra8 Bb7 50.Ra7 Bc8 51.Ra8 Be6 52.Rxa6 Bxc4 53.Rxa4 Bd3 54.
Ra8 Kg6 55.Rc8 Kf6 56.Rxc5 h5 57.a4 g5 58.a5 h4+ 59.Kf2 g4 60.a6 Be4 61.
Rc4 g3+ 62.Kg1 Bd5 63.Rc5 Bf3 64.Rc3 Bd5 65.Rc5 Bf3 66.Rc3 1/2-1/2

[Event "5th Asia-ch"]
[Site "Hyderabad IND"]
[Date "2005.10.09"]
[Round "4"]
[White "Ramesh, Ramachandran"]
[Black "Parikh, Valay"]
[Result "1-0"]
[WhiteElo "2487"]
[BlackElo "2372"]
[EventDate "2005.10.05"]
[PlyCount "79"]

1.e4 c6 2.d4 d5 3.Nc3 dxe4 4.Nxe4 Nd7 5.Ng5 Ngf6 6.Bd3 e6 7.N1f3 h6 8.Nxe6
fxe6 9.Bg6+ Ke7 10.O-O Qc7 11.Re1 Kd8 12.Ne5 Nxe5 13.dxe5+ Nd7 14.Be3 c5 
15.Qg4 Nxe5 16.Rad1+ Bd7 17.Qxe6 Kc8 18.Rxd7 Nxd7 19.Rd1 Qc6 20.Qe8+ Kc7 
21.Qxa8 Qxg6 22.Bf4+ Bd6 23.Rxd6 Qe4 24.Rd1+ Qxf4 25.Qxh8 Qg4 26.f3 Qg6 
27.Re1 Qf7 28.Qe8 Qxa2 29.Rd1 Qa4 30.b3 Qc6 31.c4 b5 32.h4 a5 33.h5 b4 34.
Qe7 a4 35.bxa4 Qxa4 36.Rd5 b3 37.Rxc5+ Kb7 38.Qe4+ Kb6 39.Rb5+ Kc7 40.Kh2 
1-0

[Event "5th Asia-ch"]
[Site "Hyderabad IND"]
[Date "2005.10.09"]
[Round "4"]
[White "Zhou Jianchao"]
[Black "Rahman, Ziaur"]
[Result "1-0"]
[WhiteElo "2516"]
[BlackElo "2570"]
[EventDate "2005.10.05"]
[PlyCount "89"]

1.d4 e6 2.Nf3 c5 3.e3 Nf6 4.c4 Be7 5.d5 exd5 6.cxd5 d6 7.Nc3 a6 8.a4 Bg4 
9.Be2 Bxf3 10.Bxf3 Nbd7 11.O-O O-O 12.e4 Re8 13.Be2 Bf8 14.f3 Rc8 15.Kh1 
Nh5 16.g4 Nhf6 17.g5 Nh5 18.f4 g6 19.Bxh5 gxh5 20.f5 Bg7 21.f6 Bf8 22.a5 
Ne5 23.Qxh5 b5 24.Ne2 Qd7 25.Rg1 Nd3 26.Qf3 Ne5 27.Qg3 Ng6 28.Qf3 Ne5 29.
Qg2 b4 30.Nf4 c4 31.h4 c3 32.h5 Rc4 33.b3 Rc7 34.Ra2 Rec8 35.Rc2 Rc5 36.
Qg3 Qe8 37.Rf2 c2 38.g6 hxg6 39.Nxg6 Nxg6 40.Qh4 R8c7 41.Rfg2 Qe5 42.hxg6 
fxg6 43.Rxg6+ Kf7 44.Rg8 Bh6 45.R1g7+ 1-0

[Event "5th Asia-ch"]
[Site "Hyderabad IND"]
[Date "2005.10.09"]
[Round "4"]
[White "Bin Sattar, Reefat"]
[Black "Megaranto, Susanto"]
[Result "0-1"]
[WhiteElo "2484"]
[BlackElo "2530"]
[EventDate "2005.10.05"]
[PlyCount "62"]

1.e4 c6 2.d4 d5 3.Nc3 dxe4 4.Nxe4 Nd7 5.Bc4 e6 6.Qe2 Ngf6 7.Ng5 Nb6 8.Bb3 
h6 9.N5f3 Bd6 10.c3 Qc7 11.Ne5 c5 12.Ngf3 cxd4 13.cxd4 Bd7 14.Bd2 Rc8 15.
O-O O-O 16.Nh4 Nbd5 17.Rac1 Bc6 18.Nxc6 bxc6 19.Nf3 Qb8 20.g3 c5 21.dxc5 
Rxc5 22.Rxc5 Bxc5 23.Rc1 Rc8 24.Rc4 Bb6 25.Rxc8+ Qxc8 26.Qc4 Qb8 27.Bc2 h5
28.Be1 g6 29.a4 a5 30.Bd3 Ng4 31.Qb5 Qa7 0-1

[Event "5th Asia-ch"]
[Site "Hyderabad IND"]
[Date "2005.10.09"]
[Round "4"]
[White "Yu Shaoteng"]
[Black "Kazhgaleyev, Murtas"]
[Result "0-1"]
[WhiteElo "2516"]
[BlackElo "2602"]
[EventDate "2005.10.05"]
[PlyCount "90"]

1.e4 e5 2.Nf3 Nc6 3.Bb5 a6 4.Ba4 Nf6 5.O-O Be7 6.Re1 b5 7.Bb3 d6 8.c3 O-O 
9.h3 Na5 10.Bc2 c5 11.d4 Qc7 12.Nbd2 cxd4 13.cxd4 Rd8 14.b3 Nc6 15.Bb2 Bb7
16.Rc1 Qb6 17.Nf1 Rac8 18.Ne3 Bf8 19.a3 Ne7 20.d5 g6 21.b4 Bh6 22.Nd2 Nh5 
23.Nb3 Ng7 24.Na5 Ba8 25.Bb3 Kh8 26.Qg4 Bf4 27.Rxc8 Rxc8 28.Qd7 Bg5 29.Rc1
Rd8 30.Qc7 Bxe3 31.fxe3 Qxe3+ 32.Kh1 Re8 33.Qxd6 Qxe4 34.Nc6 Nef5 35.Qf6 
Qf4 36.Kg1 Qe3+ 37.Kh2 Qxb3 38.Bxe5 Qxd5 39.Rc5 Qe6 40.Qxe6 fxe6 41.g4 Nh6
42.Bf4 Bxc6 43.Rxc6 Nf7 44.Rxa6 e5 45.Be3 Ne6 0-1

[Event "5th Asia-ch"]
[Site "Hyderabad IND"]
[Date "2005.10.09"]
[Round "4"]
[White "Dzhumaev, Marat"]
[Black "Ghaem Maghami, Ehsan"]
[Result "1/2-1/2"]
[WhiteElo "2507"]
[BlackElo "2586"]
[EventDate "2005.10.05"]
[PlyCount "36"]

1.e4 c5 2.Nf3 d6 3.d4 cxd4 4.Nxd4 Nf6 5.Nc3 Nc6 6.Bg5 e6 7.Qd2 a6 8.O-O-O 
Bd7 9.f4 h6 10.Bh4 Nxe4 11.Qe1 Nf6 12.Nf5 Qa5 13.Nxd6+ Bxd6 14.Rxd6 O-O-O 
15.Be2 Ne7 16.Bf3 Qb4 17.Ne4 Qxe1+ 18.Rxe1 Nf5 1/2-1/2

[Event "5th Asia-ch"]
[Site "Hyderabad IND"]
[Date "2005.10.09"]
[Round "4"]
[White "Kaiumov, Sergei"]
[Black "Kunte, Abhijit"]
[Result "1-0"]
[WhiteElo "2436"]
[BlackElo "2553"]
[EventDate "2005.10.05"]
[PlyCount "105"]

1.e4 e5 2.Nf3 Nc6 3.Bc4 Nf6 4.d3 Be7 5.O-O O-O 6.a4 d5 7.exd5 Nxd5 8.h3 
Qd6 9.Re1 Bd7 10.b3 Nf4 11.Bxf4 exf4 12.d4 Bf6 13.c3 Rae8 14.Nbd2 Bf5 15.
a5 a6 16.b4 g5 17.Nb3 Rxe1+ 18.Nxe1 Re8 19.Nc5 Bc8 20.Qh5 Qf8 21.Nf3 Qg7 
22.Re1 Rxe1+ 23.Nxe1 Nd8 24.Qe2 Qf8 25.Ne4 Be7 26.Nd3 Kg7 27.Ne5 f6 28.Nd3
Bd6 29.Nxd6 Qxd6 30.Nc5 Bf5 31.Bd3 Kh6 32.Qe8 b6 33.axb6 cxb6 34.Ne4 Bxe4 
35.Qxe4 Qd7 36.Bc2 b5 37.h4 Ne6 38.hxg5+ Nxg5 39.Qxf4 Qe6 40.Qe3 Qa2 41.
Bf5 Qd5 42.Bd3 Kg7 43.Qg3 Kf8 44.Qb8+ Kg7 45.Qa7+ Nf7 46.Qxa6 Qb3 47.Qa1 
h5 48.Bxb5 h4 49.Bd7 Ng5 50.Bf5 Qd5 51.Qa7+ Kh6 52.Qc5 Qd8 53.Qc8 1-0

[Event "5th Asia-ch"]
[Site "Hyderabad IND"]
[Date "2005.10.09"]
[Round "4"]
[White "Nguyen Anh Dung"]
[Black "Kidambi, Sundararajan"]
[Result "1/2-1/2"]
[WhiteElo "2551"]
[BlackElo "2497"]
[EventDate "2005.10.05"]
[PlyCount "128"]

1.d4 d5 2.c4 c6 3.Nf3 Nf6 4.e3 Bf5 5.Nc3 e6 6.Bd3 Bxd3 7.Qxd3 Nbd7 8.O-O 
Bb4 9.Bd2 a5 10.a3 Be7 11.e4 dxe4 12.Nxe4 O-O 13.Rad1 a4 14.Bc3 Qb6 15.
Rfe1 Rad8 16.Nxf6+ Bxf6 17.Nd2 c5 18.Ne4 Bxd4 19.Bxd4 cxd4 20.Qxd4 Qxd4 
21.Rxd4 Nb6 22.Nd6 Nxc4 23.Rxc4 Rxd6 24.Rxa4 Rc8 25.Rb4 b6 26.g3 Rc2 27.
Re3 Rd1+ 28.Kg2 Rdd2 29.Rf3 Rxb2 30.Rxb2 Rxb2 31.Rc3 g5 32.h3 Kg7 33.Rc7 
h5 34.a4 Kg6 35.Rb7 Rb4 36.Ra7 f5 37.a5 bxa5 38.Rxa5 h4 39.Ra8 hxg3 40.
Kxg3 Rb3+ 41.Kg2 Kf6 42.Rg8 Rc3 43.Kh2 Rd3 44.Kg2 f4 45.Ra8 Kf5 46.Ra5+ 
Rd5 47.Ra4 Rd2 48.Kf3 e5 49.Ra5 Rd3+ 50.Kg2 Ke4 51.f3+ Kd4 52.Ra4+ Kc3 53.
Kf2 Rd2+ 54.Ke1 Rb2 55.Re4 Rb5 56.Ke2 Ra5 57.Kf2 Kd3 58.Kf1 Rb5 59.Kf2 Kd2
60.Re2+ Kd3 61.Re4 Rb2+ 62.Kf1 Rh2 63.Rxe5 Rxh3 64.Kg2 Rg3+ 1/2-1/2

[Event "5th Asia-ch"]
[Site "Hyderabad IND"]
[Date "2005.10.09"]
[Round "4"]
[White "Zhao Jun"]
[Black "Iuldachev, Saidali"]
[Result "1-0"]
[WhiteElo "2500"]
[BlackElo "2543"]
[EventDate "2005.10.05"]
[PlyCount "65"]

1.d4 d5 2.Nf3 c5 3.dxc5 e6 4.e3 Bxc5 5.a3 Nf6 6.c4 O-O 7.Nbd2 a5 8.Qc2 Bb6
9.b3 Nc6 10.Bb2 d4 11.O-O-O dxe3 12.Ne4 Qe7 13.Nxf6+ gxf6 14.fxe3 Bc5 15.
a4 Ba3 16.g4 e5 17.Qe4 Kg7 18.Bd3 Rh8 19.Nh4 Be6 20.Bc2 Bxb2+ 21.Kxb2 Nb4 
22.Rhg1 h6 23.Qg2 Rhg8 24.Bf5 Rad8 25.Qe4 Kh8 26.Bxe6 Qxe6 27.Nf5 Na6 28.
Qf3 Qb6 29.Rxd8 Qxd8 30.Rd1 Qb6 31.Rd6 Qb4 32.Qh3 Rg6 33.Nxh6 1-0

[Event "5th Asia-ch"]
[Site "Hyderabad IND"]
[Date "2005.10.09"]
[Round "4"]
[White "Sadvakasov, Darmen"]
[Black "Ravi, Lanka"]
[Result "1-0"]
[WhiteElo "2612"]
[BlackElo "2419"]
[EventDate "2005.10.05"]
[PlyCount "77"]

1.e4 c6 2.d4 d5 3.Nd2 dxe4 4.Nxe4 Bf5 5.Ng3 Bg6 6.h4 h6 7.Nf3 Nd7 8.h5 Bh7
9.Bd3 Bxd3 10.Qxd3 Ngf6 11.Bf4 e6 12.O-O-O Be7 13.Kb1 O-O 14.Ne4 Nxe4 15.
Qxe4 Nf6 16.Qe2 Bd6 17.Bc1 Qb6 18.c4 c5 19.g4 Qc6 20.Rhe1 Rad8 21.g5 Nxh5 
22.gxh6 g6 23.Bg5 Rde8 24.Ne5 Qg2 25.Rg1 Qh3 26.Ng4 f5 27.dxc5 fxg4 28.
cxd6 g3 29.d7 Qf5+ 30.Ka1 Qxg5 31.dxe8=Q Rxe8 32.fxg3 Re7 33.Qf2 a6 34.
Rd8+ Kh7 35.Qf8 Qf6 36.g4 Rf7 37.Qg8+ Kxh6 38.g5+ Qxg5 39.Qh8+ 1-0

[Event "5th Asia-ch"]
[Site "Hyderabad IND"]
[Date "2005.10.09"]
[Round "4"]
[White "Kotsur, Pavel"]
[Black "Gnusarev, Pavel"]
[Result "1-0"]
[WhiteElo "2587"]
[BlackElo "2426"]
[EventDate "2005.10.05"]
[PlyCount "67"]

1.e4 c5 2.Nf3 e6 3.d4 cxd4 4.Nxd4 a6 5.Bd3 Nf6 6.O-O Qc7 7.Nc3 Nc6 8.Nb3 
d6 9.f4 b5 10.Qf3 Bb7 11.Be3 Be7 12.Qh3 h5 13.Kh1 g6 14.a3 Ng4 15.Bg1 Bf6 
16.Qf3 Bg7 17.Qe2 O-O 18.h3 Nf6 19.Be3 Rfe8 20.Qf2 Qe7 21.Rae1 h4 22.Be2 
b4 23.axb4 Nxb4 24.Bf3 Rac8 25.Qd2 Nd7 26.Rd1 Red8 27.Qxd6 Qxd6 28.Rxd6 
Nxc2 29.Bf2 Bf6 30.e5 Bxf3 31.exf6 Bd5 32.Nxd5 exd5 33.Rc1 d4 34.Bxd4 1-0

[Event "5th Asia-ch"]
[Site "Hyderabad IND"]
[Date "2005.10.09"]
[Round "4"]
[White "Moussa, Taleb"]
[Black "Himanshu, Sharma"]
[Result "0-1"]
[WhiteElo "2510"]
[BlackElo "2391"]
[EventDate "2005.10.05"]
[PlyCount "76"]

1.Nf3 d5 2.d4 Nf6 3.c3 Bf5 4.Qb3 Qc8 5.c4 e6 6.Nc3 c6 7.Bf4 Nbd7 8.Rc1 Be7
9.h3 dxc4 10.Qxc4 Nd5 11.Bd2 N7b6 12.Qb3 O-O 13.e3 Nxc3 14.Bxc3 Nd5 15.Bd2
a5 16.a3 a4 17.Qd1 Qd8 18.Ne5 f6 19.Nd3 Qb6 20.Qf3 Bg6 21.e4 Nc7 22.Be3 f5
23.exf5 Bxf5 24.Qd1 Nd5 25.Qd2 Nxe3 26.Qxe3 Rad8 27.g4 Bg6 28.Rc4 Qa5+ 29.
Nb4 Bg5 30.Qc3 Bh4 31.Rh2 Qc7 32.Rg2 Be4 33.Rg3 Rxf2 34.Kxf2 Rf8+ 35.Ke2 
Bxg3 36.Qe3 Qf7 37.Qxg3 Qxf1+ 38.Ke3 Rf3+ 0-1

[Event "5th Asia-ch"]
[Site "Hyderabad IND"]
[Date "2005.10.09"]
[Round "4"]
[White "Annaberdiev, Meilis"]
[Black "Bakre, Tejas"]
[Result "1-0"]
[WhiteElo "2421"]
[BlackElo "2484"]
[EventDate "2005.10.05"]
[PlyCount "70"]

1.d4 Nf6 2.Nf3 e6 3.Bg5 c5 4.e3 Be7 5.Nbd2 b6 6.c3 Bb7 7.Bd3 Nc6 8.O-O 
cxd4 9.exd4 O-O 10.Bxf6 Bxf6 11.Ne4 Be7 12.Ng3 Re8 13.Qe2 a6 14.Rad1 Bf8 
15.Rfe1 d6 16.h4 g6 17.Ng5 Bg7 18.Nh5 Bh6 19.Qf3 f5 20.Nxe6 Qxh4 21.Bc4 
Kh8 22.Bd5 Qxh5 23.Bxc6 Qxf3 24.Bxf3 Bxf3 25.gxf3 Rac8 26.f4 Bg7 27.Re3 
Bf6 28.Rde1 Kg8 29.Ng5 Rxe3 30.Rxe3 h6 31.Re6 Kg7 32.Nf3 Rd8 33.Kg2 Kf7 
34.d5 b5 35.Nd2 Be7 1-0

[Event "5th Asia-ch"]
[Site "Hyderabad IND"]
[Date "2005.10.09"]
[Round "4"]
[White "Satyapragyan, Swayangsu"]
[Black "Filippov, Anton"]
[Result "0-1"]
[WhiteElo "2411"]
[BlackElo "2478"]
[EventDate "2005.10.05"]
[PlyCount "58"]

1.e4 d5 2.exd5 Qxd5 3.Nc3 Qa5 4.Bc4 Nf6 5.d3 Bg4 6.Ne2 c6 7.f3 Bf5 8.g4 
Bc8 9.Ng3 e6 10.Qe2 Be7 11.Bd2 Qc7 12.g5 Nd5 13.Nh5 O-O 14.O-O-O b5 15.Bb3
b4 16.Ne4 Kh8 17.Bxd5 cxd5 18.Bf4 Qd8 19.Be5 Rg8 20.Nef6 gxf6 21.Nxf6 Rxg5
22.f4 Rg6 23.Nxd5+ f6 24.Nxe7 Qxe7 25.Rhg1 Bb7 26.f5 Rxg1 27.Rxg1 Nc6 28.
Bf4 e5 29.Bh6 Rg8 0-1

[Event "5th Asia-ch"]
[Site "Hyderabad IND"]
[Date "2005.10.09"]
[Round "4"]
[White "Sengupta, Deep"]
[Black "Barua, Dibyendu"]
[Result "1/2-1/2"]
[WhiteElo "2400"]
[BlackElo "2475"]
[EventDate "2005.10.05"]
[PlyCount "158"]

1.e4 e6 2.d4 d5 3.exd5 exd5 4.Nf3 Nf6 5.Bg5 Be7 6.Bd3 Bg4 7.O-O Nbd7 8.
Nbd2 c6 9.Re1 O-O 10.Nf1 Re8 11.h3 Bh5 12.Ng3 Bg6 13.c3 Qb6 14.Nf5 Bf8 15.
Qc2 Ne4 16.N5h4 Nxg5 17.Nxg5 Bxd3 18.Qxd3 Nf6 19.b3 h6 20.Ngf3 Ne4 21.Re2 
Qa5 22.Rae1 Re6 23.Rc2 Rae8 24.Nf5 g6 25.Ne3 Bg7 26.g4 Qd8 27.Ng2 Ng5 28.
Rxe6 Rxe6 29.Nxg5 Qxg5 30.Kf1 Bf8 31.f4 Qf6 32.Re2 Bd6 33.Rxe6 fxe6 34.Ke2
Kg7 35.Qf3 c5 36.dxc5 Bxc5 37.Kd3 b5 38.Kc2 b4 39.cxb4 Bxb4 40.Qe3 Qa1 41.
Qxa7+ Kg8 42.Qa8+ Bf8 43.Qa6 Kf7 44.f5 gxf5 45.gxf5 Bg7 46.Qxe6+ Kf8 47.
Qd6+ Ke8 48.Qxd5 Qxa2+ 49.Kd3 Qb1+ 50.Ke2 Qc2+ 51.Kf3 Qc3+ 52.Ne3 Kf8 53.
Qd8+ Kf7 54.Qd5+ Kf8 55.Qc4 Qe1 56.Qc8+ Kf7 57.Qe6+ Kf8 58.Qd6+ Kg8 59.Qd1
Qc3 60.Qd5+ Kh8 61.Ke4 Qa1 62.Qd8+ Kh7 63.Qd1 Qe5+ 64.Kf3 Qh2 65.Qf1 Qb2 
66.Qd3 Kh8 67.Nd5 Qh2 68.Qf1 Qc2 69.Ne3 Qxb3 70.Qc4 Qb1 71.Qc8+ Kh7 72.Qc2
Qh1+ 73.Qg2 Qe1 74.Qg6+ Kh8 75.Qe8+ Kh7 76.Qg6+ Kh8 77.Qg4 Qh1+ 78.Qg2 Qc1
79.Qc2 Qh1+ 1/2-1/2

[Event "5th Asia-ch"]
[Site "Hyderabad IND"]
[Date "2005.10.09"]
[Round "4"]
[White "Gonzales, Jayson"]
[Black "Pg Mohd Omar, Ak Hirawan"]
[Result "1-0"]
[WhiteElo "2464"]
[BlackElo "2299"]
[EventDate "2005.10.05"]
[PlyCount "81"]

1.d4 Nf6 2.Nf3 g6 3.Bf4 Bg7 4.e3 d6 5.h3 O-O 6.Be2 Nc6 7.O-O Qe8 8.c4 e5 
9.dxe5 dxe5 10.Bh2 e4 11.Nfd2 Qe7 12.Nc3 Rd8 13.a3 Ne5 14.Qc2 Bf5 15.g4 
Bd7 16.g5 Nh5 17.Ndxe4 Bxh3 18.f4 Nxc4 19.Bxc4 Bxf1 20.Rxf1 Bxc3 21.Nxc3 
Qxe3+ 22.Qf2 Qxf2+ 23.Rxf2 Rd4 24.Be2 Ng7 25.f5 Nxf5 26.Be5 Rd7 27.Ne4 Re7
28.Nf6+ Kf8 29.Nxh7+ Ke8 30.Bc3 c6 31.Bg4 Ne3 32.Nf6+ Kd8 33.Rd2+ Kc7 34.
Bb4 Nc4 35.Rd4 Re5 36.Rxc4 Rxg5 37.Bd2 Rb5 38.Bf4+ Kb6 39.Nd7+ Ka6 40.Be2 
Re8 41.Ra4# 1-0

[Event "5th Asia-ch"]
[Site "Hyderabad IND"]
[Date "2005.10.09"]
[Round "4"]
[White "Sareen, Vishal"]
[Black "Deepan Chakravarthy, Jeyakumar"]
[Result "1-0"]
[WhiteElo "2375"]
[BlackElo "2454"]
[EventDate "2005.10.05"]
[PlyCount "101"]

1.e4 c5 2.Nf3 d6 3.d4 cxd4 4.Nxd4 Nf6 5.Nc3 a6 6.Bg5 e6 7.Qd3 Nc6 8.O-O-O 
Bd7 9.f4 Be7 10.Be2 Rc8 11.Kb1 Qc7 12.Bf3 O-O 13.Rhe1 Rfd8 14.Qe2 h6 15.
Bxf6 Bxf6 16.e5 dxe5 17.Nxc6 Bxc6 18.Rxd8+ Rxd8 19.Bxc6 Qxc6 20.fxe5 Bg5 
21.Ne4 Bf4 22.Nd6 Bxh2 23.Qh5 Rxd6 24.exd6 Bxd6 25.Qe2 Be7 26.Rd1 Bf6 27.
c3 g6 28.Rd3 Kg7 29.Qf3 Qxf3 30.Rxf3 g5 31.Kc2 h5 32.Kd1 h4 33.Ke2 e5 34.
Rd3 g4 35.c4 e4 36.Re3 Bxb2 37.Rxe4 f5 38.Re7+ Kf6 39.Rxb7 Bd4 40.Rh7 Kg5 
41.Rd7 Bg1 42.Rd1 Ba7 43.Rd7 Bg1 44.Rd5 Kg6 45.c5 f4 46.c6 Bb6 47.Kf1 g3 
48.Ke2 Kf6 49.Rh5 Ke6 50.Rxh4 Bc7 51.Kf3 1-0

[Event "5th Asia-ch"]
[Site "Hyderabad IND"]
[Date "2005.10.09"]
[Round "4"]
[White "Mahjoob, Morteza"]
[Black "Girinath, P. D. S."]
[Result "1-0"]
[WhiteElo "2418"]
[BlackElo "2392"]
[EventDate "2005.10.05"]
[PlyCount "75"]

1.Nf3 e6 2.c4 f5 3.Nc3 Nf6 4.g3 Be7 5.Bg2 O-O 6.O-O d6 7.d4 a5 8.b3 Qe8 9.
Bb2 Qh5 10.Qc2 Nc6 11.Rad1 Bd8 12.a3 Ne7 13.e4 Nxe4 14.Nxe4 fxe4 15.Qxe4 
Qf5 16.Qe2 Ng6 17.Rfe1 Qh5 18.Rd3 Bf6 19.Re3 Ne7 20.a4 Nf5 21.Re4 Qg6 22.
h4 Bd7 23.Qd2 h6 24.Kh2 b6 25.Ng1 Bc6 26.d5 exd5 27.Re6 Kh8 28.Nh3 Bd7 29.
Nf4 Qh7 30.Rxf6 gxf6 31.Nxd5 Rae8 32.Nxf6 Rxf6 33.Bxf6+ Kg8 34.Bd5+ Kf8 
35.Rxe8+ Kxe8 36.Qe2+ Ne7 37.Bg8 Bg4 38.Qe1 1-0

[Event "5th Asia-ch"]
[Site "Hyderabad IND"]
[Date "2005.10.09"]
[Round "4"]
[White "Konguvel, Ponnuswamy"]
[Black "Zhou Weiqi"]
[Result "0-1"]
[WhiteElo "2390"]
[BlackElo "2416"]
[EventDate "2005.10.05"]
[PlyCount "104"]

1.e4 e6 2.d4 d5 3.Nc3 Nf6 4.e5 Nfd7 5.f4 c5 6.Nf3 Nc6 7.Be3 a6 8.Qd2 b5 9.
a3 Bb7 10.Bd3 Qb6 11.Qf2 c4 12.Be2 b4 13.axb4 Nxb4 14.Bd1 Be7 15.O-O O-O 
16.Qd2 Qc7 17.Ng5 Qc6 18.Bg4 Rad8 19.Ne2 g6 20.Bh3 Nb6 21.Bf2 Bc8 22.Bh4 
Qc7 23.Nf3 Bxh4 24.Nxh4 c3 25.bxc3 Nc4 26.Qc1 Nxc2 27.Qxc2 Ne3 28.Qd3 Nxf1
29.Rxf1 Bd7 30.Qxa6 Rb8 31.Qa3 Bb5 32.Re1 Bxe2 33.Rxe2 Rb1+ 34.Kf2 Rfb8 
35.Re3 R1b2+ 36.Kg3 R2b3 37.Qc1 Ra8 38.Nf3 Qa5 39.f5 exf5 40.e6 Qc7+ 41.
Kf2 fxe6 42.Rxe6 Rxc3 43.Qg5 Rc2+ 44.Kg1 Rc1+ 45.Ne1 Qg7 46.Qe3 Rd1 47.
Re8+ Rxe8 48.Qxe8+ Qf8 49.Qe5 Qb4 50.Qxd5+ Kf8 51.Qd8+ Kg7 52.Qc7+ Kh6 0-1

[Event "5th Asia-ch"]
[Site "Hyderabad IND"]
[Date "2005.10.09"]
[Round "4"]
[White "Simonenko, Sergei"]
[Black "Roktim, Bandyopadhyay"]
[Result "0-1"]
[WhiteElo "2409"]
[BlackElo "2380"]
[EventDate "2005.10.05"]
[PlyCount "86"]

1.Nf3 d6 2.d4 Nf6 3.c4 g6 4.Nc3 Bg7 5.e4 O-O 6.Be2 Bg4 7.Be3 Nfd7 8.Ng1 
Bxe2 9.Ngxe2 c5 10.O-O cxd4 11.Nxd4 Nc6 12.Rc1 Rc8 13.b3 a6 14.Nd5 e6 15.
Nc3 Qe7 16.Qd2 Rfd8 17.Rfd1 Nce5 18.Bg5 Bf6 19.Bxf6 Nxf6 20.h3 Nc6 21.Nf3 
b5 22.cxb5 axb5 23.Qe3 b4 24.Na4 Na7 25.Qb6 d5 26.e5 Ne4 27.Nd4 Kg7 28.g3 
Rxc1 29.Rxc1 Rc8 30.Rxc8 Nxc8 31.Qb8 Na7 32.h4 Nc3 33.Nxc3 bxc3 34.b4 Qd7 
35.Kh2 Nc6 36.Qb5 Qa7 37.Qxc6 Qxd4 38.Kg2 Qc4 39.Qd6 c2 40.Qe7 Qe4+ 41.Kh2
Qxe5 42.Qc5 Qb2 43.h5 c1=Q 0-1

[Event "5th Asia-ch"]
[Site "Hyderabad IND"]
[Date "2005.10.09"]
[Round "4"]
[White "Babu, N. Sudhakar"]
[Black "Gupta, Abhijeet"]
[Result "0-1"]
[WhiteElo "2298"]
[BlackElo "2404"]
[EventDate "2005.10.05"]
[PlyCount "102"]

1.d4 Nf6 2.c4 g6 3.Nc3 d5 4.Nf3 Bg7 5.cxd5 Nxd5 6.Bg5 c5 7.Rc1 Nxc3 8.bxc3
O-O 9.e3 Be6 10.Qd2 Nc6 11.Be2 Rc8 12.O-O h6 13.Bf4 cxd4 14.cxd4 Qa5 15.
Bc4 Bxc4 16.Rxc4 Qxd2 17.Nxd2 e5 18.dxe5 Nxe5 19.Ra4 a6 20.Rb1 Nd3 21.Bg3 
Rc2 22.Nb3 Rfc8 23.h3 Bf8 24.Rd4 Nb4 25.a4 Na2 26.Rd7 Nc3 27.Ra1 Bg7 28.
Nd4 Rb2 29.Kh2 Ne4 30.f3 Nd2 31.Kh1 Nb1 32.Bc7 Re8 33.e4 h5 34.Ne2 h4 35.
Nf4 Nc3 36.Rd8 Rxd8 37.Bxd8 Rd2 38.Ba5 Rc2 39.Bxc3 Bxc3 40.Rb1 Be5 41.Nd5 
Bg3 42.Kg1 Ra2 43.Kf1 Rxa4 44.Rxb7 Ra1+ 45.Ke2 Ra2+ 46.Ke3 Rxg2 47.f4 Rh2 
48.Nf6+ Kg7 49.e5 g5 50.e6 Bxf4+ 51.Kf3 Kxf6 0-1

[Event "5th Asia-ch"]
[Site "Hyderabad IND"]
[Date "2005.10.09"]
[Round "4"]
[White "Harika, Dronavalli"]
[Black "Atanu Lahiri"]
[Result "1-0"]
[WhiteElo "2392"]
[BlackElo "2334"]
[EventDate "2005.10.05"]
[PlyCount "47"]

1.d4 Nf6 2.c4 g6 3.Nc3 Bg7 4.g3 O-O 5.Bg2 d6 6.Nf3 Nbd7 7.O-O e5 8.e4 a6 
9.h3 b5 10.Qc2 b4 11.Nd5 a5 12.Rd1 c6 13.Nxf6+ Bxf6 14.c5 dxc5 15.Nxe5 
Bxe5 16.dxe5 Qe7 17.f4 Ba6 18.Be3 g5 19.Rd6 c4 20.Rad1 Nb8 21.Bc5 Kh8 22.
Qf2 Rg8 23.e6 f6 24.fxg5 1-0